Calculus of variations
Uloženo v:
| Hlavní autor: | |
|---|---|
| Médium: | Kniha |
| Jazyk: | angličtina |
| Vydáno: |
Reading
Addison-Wesley
1961
|
| Edice: | International series of Monographs in Pure and Applied Mathematics, 19
|
| Témata: | |
| Tagy: |
Přidat tag
Žádné tagy, Buďte první, kdo vytvoří štítek k tomuto záznamu!
|
MARC
| LEADER | 00000nam a2200000 a 4500 | ||
|---|---|---|---|
| 001 | UCP8175 | ||
| 003 | CL-VaPUC | ||
| 008 | 000114e19610000US |||||||||||||||||eng|d | ||
| 082 | 0 | 4 | |a 515.64 |b ELS |2 21 |
| 100 | 0 | |a Elsgolc, L. E |e author |9 437927 | |
| 245 | 1 | 0 | |a Calculus of variations |
| 300 | |a 178 p | ||
| 942 | |c BK | ||
| 945 | |d 20000114 00:00:00 |a cmena | ||
| 260 | |a Reading |b Addison-Wesley |c 1961 | ||
| 500 | |a Donación de Don Walter Zeller Allier | ||
| 650 | 0 | |a Cálculo de variaciones |9 270526 | |
| 650 | 0 | |a Análisis matemático |9 260146 | |
| 650 | 0 | |a Cálculo integral |9 260103 | |
| 650 | 0 | |a Variables |9 338106 | |
| 583 | |a last modification |c 20120813 10:25:26 |k Rodrigo Vera | ||
| 490 | 0 | |a International series of Monographs in Pure and Applied Mathematics, 19 | |
| 999 | |c 285118 |d 285116 | ||
| 952 | |0 0 |1 0 |4 0 |6 515_640000000000000_ELS_1961 |7 0 |8 A |9 329496 |a BIBCUR |b BIBCUR |d 2019-11-20 |i 3512282 |o 515.64 ELS 1961 |p 3512282 |r 2025-04-22 |w 2019-11-20 |y BK |k FIS | ||